[Event "5th European Small Nations"]
[Site "Andorra la Vella"]
[Date "2017.11.12"]
[Round "1.1"]
[White "Mannhart, Marcel"]
[Black "Zerafa, Robert"]
[Result "1-0"]
[BlackElo "2101"]
[WhiteElo "2123"]
[LiveChessVersion "1.4.8"]

1. Nc3 {[%clk 1:30:53]} Nf6 {[%clk 1:30:30]} 2. e4 {[%clk 1:31:16]} e5
{[%clk 1:30:52]} 3. f4 {[%clk 1:28:59]} d5 {[%clk 1:31:18]} 4. fxe5
{[%clk 1:29:22]} Nxe4 {[%clk 1:31:28]} 5. d3 {[%clk 1:25:11]} Nxc3
{[%clk 1:29:07]} 6. bxc3 {[%clk 1:25:27]} d4 {[%clk 1:29:31]} 7. Nf3
{[%clk 1:23:45]} c5 {[%clk 1:19:05]} 8. Be2 {[%clk 1:18:50]} Nc6 {[%clk 1:03:37]}
9. O-O {[%clk 1:18:26]} Be7 {[%clk 0:57:49]} 10. Qe1 {[%clk 1:17:45]} O-O
{[%clk 0:50:33]} 11. Qg3 {[%clk 1:09:43]} Kh8 {[%clk 0:48:36]} 12. c4
{[%clk 0:57:54]} a5 {[%clk 0:39:50]} 13. Rb1 {[%clk 0:57:13]} Ra6
{[%clk 0:39:47]} 14. a3 {[%clk 0:54:16]} Na7 {[%clk 0:30:55]} 15. Qe1
{[%clk 0:45:48]} Re6 {[%clk 0:29:29]} 16. Bf4 {[%clk 0:45:20]} Nc6
{[%clk 0:29:23]} 17. Qd2 {[%clk 0:43:25]} Qe8 {[%clk 0:27:34]} 18. Rfe1
{[%clk 0:37:07]} Bd8 {[%clk 0:27:17]} 19. Bf1 {[%clk 0:36:13]} h6
{[%clk 0:23:49]} 20. Bg3 {[%clk 0:35:25]} Bc7 {[%clk 0:23:24]} 21. Re2
{[%clk 0:34:43]} a4 {[%clk 0:20:48]} 22. Rb5 {[%clk 0:33:33]} Qe7
{[%clk 0:20:05]} 23. Qe1 {[%clk 0:33:03]} Re8 {[%clk 0:18:56]} 24. Kh1
{[%clk 0:22:58]} g5 {[%clk 0:14:58]} 25. h3 {[%clk 0:22:48]} h5 {[%clk 0:14:31]}
26. Kg1 {[%clk 0:22:04]} g4 {[%clk 0:14:24]} 27. hxg4 {[%clk 0:15:08]} hxg4
{[%clk 0:14:52]} 28. Bh4 {[%clk 0:15:16]} gxf3 {[%clk 0:13:35]} 29. Bxe7
{[%clk 0:08:16]} fxe2 {[%clk 0:13:16]} 30. Qh4+ {[%clk 0:08:29]} Kg8
{[%clk 0:13:26]} 31. Bf6 {[%clk 0:08:25]} Rxf6 {[%clk 0:11:33]} 32. exf6
{[%clk 0:08:49]} exf1=Q+ {[%clk 0:10:31]} 33. Kxf1 {[%clk 0:09:10]} Re3
{[%clk 0:08:31]} 34. Qg5+ {[%clk 0:07:43]} Kf8 {[%clk 0:08:16]} 35. Qg7+
{[%clk 0:08:05]} Ke8 {[%clk 0:08:40]} 36. Qg8+ {[%clk 0:08:31]} Kd7
{[%clk 0:07:56]} 37. Qxf7+ {[%clk 0:08:38]} Kd8 {[%clk 0:06:32]} 38. Qg8+
{[%clk 0:07:29]} Re8 {[%clk 0:02:05]} 39. f7 {[%clk 0:07:33]} 1-0

[Event "5th European Small Nations"]
[Site "Andorra la Vella"]
[Date "2017.11.12"]
[Round "1.2"]
[White "Darmanin, Jake"]
[Black "Guller, Andras"]
[Result "0-1"]
[BlackElo "2041"]
[WhiteElo "2058"]
[LiveChessVersion "1.4.8"]

1. e4 {[%clk 1:30:52]} c5 {[%clk 1:30:28]} 2. c3 {[%clk 1:31:14]} d5
{[%clk 1:30:05]} 3. exd5 {[%clk 1:31:33]} Qxd5 {[%clk 1:30:23]} 4. d4
{[%clk 1:31:46]} Nf6 {[%clk 1:29:00]} 5. Nf3 {[%clk 1:29:59]} e6 {[%clk 1:28:02]}
6. Be2 {[%clk 1:25:30]} Be7 {[%clk 1:24:49]} 7. O-O {[%clk 1:23:11]} O-O
{[%clk 1:23:48]} 8. Nbd2 {[%clk 1:02:29]} Nc6 {[%clk 1:16:04]} 9. dxc5
{[%clk 0:55:37]} Bxc5 {[%clk 1:12:58]} 10. Qc2 {[%clk 0:49:15]} e5
{[%clk 0:59:50]} 11. Bc4 {[%clk 0:40:46]} Qd8 {[%clk 0:59:01]} 12. Nb3
{[%clk 0:38:20]} Be7 {[%clk 0:56:56]} 13. Bg5 {[%clk 0:32:04]} Bg4
{[%clk 0:52:06]} 14. Rad1 {[%clk 0:28:59]} Qc7 {[%clk 0:51:32]} 15. Be2
{[%clk 0:26:30]} Rad8 {[%clk 0:49:28]} 16. Bh4 {[%clk 0:20:47]} Bh5
{[%clk 0:45:57]} 17. Bg3 {[%clk 0:20:03]} Bg6 {[%clk 0:46:00]} 18. Qc1
{[%clk 0:19:39]} Nh5 {[%clk 0:43:56]} 19. Rxd8 {[%clk 0:15:05]} Rxd8
{[%clk 0:43:38]} 20. Nh4 {[%clk 0:11:08]} Nxg3 {[%clk 0:43:02]} 21. fxg3
{[%clk 0:08:49]} Bxh4 {[%clk 0:34:12]} 22. gxh4 {[%clk 0:09:11]} Bd3
{[%clk 0:32:58]} 23. Qe3 {[%clk 0:07:10]} Bxe2 {[%clk 0:29:01]} 24. Qxe2
{[%clk 0:07:38]} Qd6 {[%clk 0:25:34]} 25. Qf2 {[%clk 0:07:20]} Qd5
{[%clk 0:23:00]} 26. h3 {[%clk 0:06:19]} f6 {[%clk 0:22:43]} 27. Qg3
{[%clk 0:04:24]} Qd6 {[%clk 0:19:42]} 28. Kh1 {[%clk 0:04:05]} Qd3
{[%clk 0:18:24]} 29. Qxd3 {[%clk 0:02:56]} Rxd3 {[%clk 0:18:46]} 30. Nc5
{[%clk 0:03:21]} Rd2 {[%clk 0:18:10]} 31. Rb1 {[%clk 0:03:29]} b6
{[%clk 0:17:28]} 32. Ne4 {[%clk 0:03:57]} Re2 {[%clk 0:17:29]} 33. Ng3
{[%clk 0:04:14]} Rc2 {[%clk 0:17:27]} 34. Kg1 {[%clk 0:03:14]} Kf7
{[%clk 0:17:22]} 35. Nf1 {[%clk 0:02:15]} Na5 {[%clk 0:13:49]} 36. Ne3
{[%clk 0:02:34]} Re2 {[%clk 0:14:07]} 37. Nd1 {[%clk 0:01:47]} Nc4
{[%clk 0:13:39]} 38. Kf1 {[%clk 0:01:10]} Re4 {[%clk 0:13:09]} 39. Kf2
{[%clk 0:00:51]} Rxh4 {[%clk 0:12:51]} 40. b3 {[%clk 0:30:36]} Nd6
{[%clk 0:39:37]} 41. Rb2 {[%clk 0:26:23]} f5 {[%clk 0:37:57]} 42. c4
{[%clk 0:23:39]} Ke6 {[%clk 0:36:34]} 43. Ne3 {[%clk 0:21:27]} Rf4+
{[%clk 0:31:59]} 44. Ke1 {[%clk 0:18:53]} Rd4 {[%clk 0:27:58]} 45. Nd5
{[%clk 0:16:55]} f4 {[%clk 0:21:41]} 46. a4 {[%clk 0:15:32]} g5 {[%clk 0:21:05]}
47. Ra2 {[%clk 0:08:41]} Nxc4 {[%clk 0:20:04]} 48. Nc7+ {[%clk 0:04:37]} Kd7
{[%clk 0:20:03]} 49. Nb5 {[%clk 0:05:06]} Re4+ {[%clk 0:20:13]} 50. Kf2
{[%clk 0:05:02]} Na5 {[%clk 0:20:12]} 51. Rd2+ {[%clk 0:04:24]} Ke6
{[%clk 0:19:48]} 52. Rd6+ {[%clk 0:04:02]} Ke7 {[%clk 0:18:00]} 53. Rh6
{[%clk 0:04:19]} Nxb3 {[%clk 0:17:49]} 54. Rxh7+ {[%clk 0:04:36]} Kf6
{[%clk 0:18:02]} 55. Rxa7 {[%clk 0:04:14]} Nc5 {[%clk 0:18:20]} 56. a5
{[%clk 0:02:58]} Nd3+ {[%clk 0:16:36]} 57. Kg1 {[%clk 0:03:20]} Re1+
{[%clk 0:16:45]} 58. Kh2 {[%clk 0:03:47]} Nf2 {[%clk 0:17:02]} 59. g3
{[%clk 0:01:19]} f3 {[%clk 0:16:06]} 60. g4 {[%clk 0:01:48]} Nxg4+
{[%clk 0:16:17]} 61. hxg4 {[%clk 0:00:51]} f2 {[%clk 0:16:39]} 62. Nd6
{[%clk 0:01:06]} f1=Q {[%clk 0:16:59]} 63. Rf7+ {[%clk 0:01:30]} Ke6
{[%clk 0:17:23]} 64. Rxf1 {[%clk 0:01:54]} Rxf1 {[%clk 0:17:47]} 65. Ne4
{[%clk 0:00:36]} bxa5 {[%clk 0:17:55]} 66. Nxg5+ {[%clk 0:01:03]} Kf6
{[%clk 0:18:10]} 67. Ne4+ {[%clk 0:01:25]} Kg6 {[%clk 0:18:34]} 68. Nc3
{[%clk 0:01:28]} Rc1 {[%clk 0:18:20]} 69. Na4 {[%clk 0:01:30]} Ra1
{[%clk 0:18:40]} 70. Nc3 {[%clk 0:01:53]} a4 {[%clk 0:19:02]} 71. Kg2
{[%clk 0:02:04]} Kg5 {[%clk 0:19:23]} 0-1

[Event "5th European Small Nations"]
[Site "Andorra la Vella"]
[Date "2017.11.12"]
[Round "1.3"]
[White "Frick, Renato"]
[Black "Sammut Briffa, Peter"]
[Result "1-0"]
[BlackElo "1962"]
[WhiteElo "1997"]
[LiveChessVersion "1.4.8"]

1. e4 {[%clk 1:30:55]} c5 {[%clk 1:30:50]} 2. Nf3 {[%clk 1:31:18]} d6
{[%clk 1:31:13]} 3. d4 cxd4 {[%clk 1:31:30]} 4. Nxd4 {[%clk 1:32:06]} Nf6
{[%clk 1:31:54]} 5. Nc3 {[%clk 1:32:30]} a6 {[%clk 1:32:20]} 6. Be3
{[%clk 1:32:45]} e5 {[%clk 1:32:31]} 7. Nb3 {[%clk 1:33:09]} Be7 {[%clk 1:32:13]}
8. f3 {[%clk 1:33:29]} Be6 {[%clk 1:30:11]} 9. Qd2 {[%clk 1:33:50]} O-O
{[%clk 1:27:50]} 10. O-O-O {[%clk 1:34:10]} Nbd7 {[%clk 1:26:01]} 11. g4
{[%clk 1:34:14]} Nc5 {[%clk 1:23:00]} 12. Be2 {[%clk 1:09:49]} b5
{[%clk 1:08:02]} 13. Nd5 {[%clk 1:04:14]} Nxb3+ {[%clk 1:02:52]} 14. axb3
{[%clk 1:04:35]} Nxd5 {[%clk 1:03:08]} 15. exd5 {[%clk 1:04:58]} Bd7
{[%clk 1:03:26]} 16. f4 {[%clk 1:00:46]} exf4 {[%clk 1:00:02]} 17. Bxf4
{[%clk 1:01:05]} a5 {[%clk 0:54:46]} 18. Rdf1 {[%clk 0:30:03]} a4
{[%clk 0:52:20]} 19. Qb4 {[%clk 0:26:31]} axb3 {[%clk 0:41:28]} 20. Qxb3
{[%clk 0:19:11]} Ra4 {[%clk 0:32:17]} 21. h3 {[%clk 0:17:21]} Qa5
{[%clk 0:30:48]} 22. c3 {[%clk 0:17:33]} b4 {[%clk 0:30:12]} 23. c4
{[%clk 0:15:35]} Re8 {[%clk 0:23:23]} 24. Bd3 {[%clk 0:09:47]} Bf6
{[%clk 0:18:09]} 25. Rh2 {[%clk 0:07:49]} Ra1+ {[%clk 0:13:51]} 26. Bb1
{[%clk 0:07:30]} Ba4 {[%clk 0:13:57]} 27. Qd3 {[%clk 0:07:40]} b3
{[%clk 0:13:45]} 28. Qxh7+ {[%clk 0:07:51]} Kf8 {[%clk 0:13:54]} 29. Bxd6+ 1-0

[Event "5th European Small Nations"]
[Site "Andorra la Vella"]
[Date "2017.11.12"]
[Round "1.4"]
[White "Lauri, Joseph"]
[Black "Iclicki, Willy"]
[Result "1/2-1/2"]
[BlackElo "1968"]
[WhiteElo "2174"]
[LiveChessVersion "1.4.8"]

1. e4 {[%clk 1:30:39]} c6 {[%clk 1:30:49]} 2. d4 {[%clk 1:31:01]} d5
{[%clk 1:31:06]} 3. exd5 {[%clk 1:31:21]} cxd5 {[%clk 1:31:22]} 4. Bd3
{[%clk 1:31:46]} Nc6 {[%clk 1:30:35]} 5. c3 {[%clk 1:32:08]} g6 {[%clk 1:29:31]}
6. Bf4 {[%clk 1:32:08]} Nh6 {[%clk 1:28:18]} 7. Nf3 {[%clk 1:23:32]} Bf5
{[%clk 1:27:17]} 8. O-O {[%clk 1:20:09]} Bg7 {[%clk 1:14:22]} 9. Re1
{[%clk 1:17:58]} Bxd3 {[%clk 1:07:54]} 10. Qxd3 {[%clk 1:18:07]} O-O
{[%clk 0:59:00]} 11. Nbd2 {[%clk 1:08:11]} Nf5 {[%clk 0:46:57]} 12. Ne5
{[%clk 0:44:36]} Nxe5 {[%clk 0:45:38]} 13. dxe5 {[%clk 0:44:15]} e6
{[%clk 0:44:23]} 14. Nf3 {[%clk 0:43:18]} Rc8 {[%clk 0:39:40]} 15. Nd4
{[%clk 0:28:48]} Nxd4 {[%clk 0:34:24]} 16. Qxd4 {[%clk 0:25:11]} Rc4
{[%clk 0:28:58]} 17. Qd2 {[%clk 0:25:39]} Qc7 {[%clk 0:27:29]} 18. Bh6
{[%clk 0:17:49]} Rc8 {[%clk 0:22:26]} 19. Bxg7 {[%clk 0:18:04]} Kxg7 20. Re3 h5
{[%clk 0:17:12]} 21. Rae1 {[%clk 0:17:48]} b5 22. a3 {[%clk 0:12:44]} a5
{[%clk 0:15:53]} 23. Rf3 {[%clk 0:08:41]} Qe7 {[%clk 0:15:12]} 24. h3
{[%clk 0:08:18]} b4 {[%clk 0:10:38]} 25. axb4 {[%clk 0:08:46]} axb4
{[%clk 0:11:03]} 26. Ra1 {[%clk 0:08:52]} bxc3 {[%clk 0:09:34]} 27. bxc3
{[%clk 0:08:19]} Re4 {[%clk 0:07:17]} 28. Re3 Rxe3 {[%clk 0:07:08]} 29. Qxe3
{[%clk 0:08:52]} Rc7 30. Qf3 f6 {[%clk 0:04:40]} 31. exf6+ {[%clk 0:08:46]} Qxf6
{[%clk 0:04:54]} 32. Qxf6+ {[%clk 0:08:15]} Kxf6 33. Ra3 Ke5 {[%clk 0:04:53]} 34.
Kf1 {[%clk 0:08:48]} Rb7 {[%clk 0:03:38]} 35. Ke2 {[%clk 0:09:11]} Rb2+
{[%clk 0:03:45]} 36. Kf3 {[%clk 0:09:39]} Rc2 {[%clk 0:04:02]} 37. Ke3
{[%clk 0:09:47]} Kf5 {[%clk 0:03:33]} 38. g3 Ke5 39. Ke4+ 1/2-1/2

[Event "5th European Small Nations"]
[Site "Andorra la Vella"]
[Date "2017.11.12"]
[Round "1.5"]
[White "Belzo, Krzysztof"]
[Black "Kirby, Peter J."]
[Result "1-0"]
[BlackElo "1987"]
[WhiteElo "2077"]
[LiveChessVersion "1.4.8"]

1. c4 {[%clk 1:30:39]} Nf6 {[%clk 1:30:49]} 2. d4 {[%clk 1:30:24]} g6
{[%clk 1:31:04]} 3. Nc3 {[%clk 1:30:49]} Bg7 {[%clk 1:31:22]} 4. g3
{[%clk 1:31:13]} O-O {[%clk 1:31:38]} 5. Bg2 {[%clk 1:31:40]} d6 {[%clk 1:31:05]}
6. Nf3 {[%clk 1:32:05]} Nc6 {[%clk 1:31:39]} 7. O-O {[%clk 1:32:25]} a6
{[%clk 1:31:52]} 8. b3 {[%clk 1:31:01]} Rb8 {[%clk 1:31:11]} 9. d5
{[%clk 1:28:17]} Na5 {[%clk 1:29:55]} 10. Nd4 {[%clk 1:27:46]} Bd7
{[%clk 1:25:56]} 11. Bd2 {[%clk 1:22:08]} c5 {[%clk 1:23:47]} 12. dxc6
{[%clk 1:21:26]} Nxc6 {[%clk 1:22:52]} 13. Nxc6 {[%clk 1:14:12]} Bxc6
{[%clk 1:22:36]} 14. e4 {[%clk 1:14:12]} Bd7 {[%clk 1:16:19]} 15. Rc1
{[%clk 1:01:54]} b5 {[%clk 1:12:00]} 16. cxb5 {[%clk 1:00:16]} axb5
{[%clk 1:12:06]} 17. Bg5 {[%clk 0:50:53]} Be6 {[%clk 1:05:45]} 18. Qd2
{[%clk 0:47:48]} Qd7 {[%clk 1:02:35]} 19. Rfd1 {[%clk 0:43:12]} Rfc8
{[%clk 0:57:32]} 20. Ne2 {[%clk 0:27:57]} Rxc1 {[%clk 0:49:06]} 21. Rxc1
{[%clk 0:27:05]} Rc8 {[%clk 0:48:12]} 22. Nf4 {[%clk 0:20:14]} Rxc1+
{[%clk 0:40:45]} 23. Qxc1 {[%clk 0:20:40]} Qc8 {[%clk 0:40:53]} 24. Nxe6
{[%clk 0:18:36]} Qxc1+ {[%clk 0:41:17]} 25. Bxc1 {[%clk 0:19:02]} fxe6
{[%clk 0:41:44]} 26. a4 {[%clk 0:12:00]} d5 {[%clk 0:39:22]} 27. a5
{[%clk 0:09:51]} d4 {[%clk 0:38:18]} 28. a6 {[%clk 0:08:44]} Nd7 {[%clk 0:37:40]}
29. a7 {[%clk 0:08:58]} Nb6 {[%clk 0:38:05]} 30. e5 {[%clk 0:09:12]} Bxe5
{[%clk 0:38:09]} 31. a8=Q+ {[%clk 0:09:29]} Nxa8 {[%clk 0:38:31]} 32. Bxa8
{[%clk 0:09:57]} Bd6 {[%clk 0:36:58]} 33. Bd2 {[%clk 0:09:55]} b4
{[%clk 0:37:01]} 34. Kf1 {[%clk 0:10:01]} Kf7 {[%clk 0:36:36]} 35. Ke2
{[%clk 0:10:26]} Kf6 {[%clk 0:36:56]} 36. Kd3 {[%clk 0:10:37]} e5
{[%clk 0:37:04]} 37. Be4 {[%clk 0:10:54]} 1-0

[Event "5th European Small Nations"]
[Site "Andorra la Vella"]
[Date "2017.11.12"]
[Round "1.6"]
[White "Rowe, Peter"]
[Black "Jouault, Louis"]
[Result "1-0"]
[BlackElo "1860"]
[WhiteElo "1945"]
[LiveChessVersion "1.4.8"]

1. d4 {[%clk 1:30:26]} Nf6 {[%clk 1:30:54]} 2. Bf4 {[%clk 1:30:11]} e6
{[%clk 1:30:40]} 3. e3 {[%clk 1:30:06]} b6 {[%clk 1:28:05]} 4. Nf3
{[%clk 1:28:46]} Bb7 {[%clk 1:28:21]} 5. Bd3 {[%clk 1:27:12]} d6 {[%clk 1:28:19]}
6. O-O {[%clk 1:25:37]} Nbd7 {[%clk 1:28:30]} 7. Nbd2 {[%clk 1:21:43]} Qe7
{[%clk 1:26:05]} 8. e4 {[%clk 1:10:41]} h6 {[%clk 1:25:42]} 9. e5
{[%clk 1:03:55]} dxe5 {[%clk 1:22:55]} 10. Nxe5 {[%clk 1:01:16]} Nxe5
{[%clk 1:20:16]} 11. Bxe5 {[%clk 1:00:14]} O-O-O {[%clk 1:18:59]} 12. Qe2
{[%clk 0:57:54]} Nd7 {[%clk 1:16:35]} 13. Bg3 {[%clk 0:55:03]} Nf6
{[%clk 1:11:56]} 14. c3 {[%clk 0:53:55]} h5 {[%clk 1:08:16]} 15. Nf3
{[%clk 0:50:05]} Qe8 {[%clk 1:04:36]} 16. a4 {[%clk 0:46:54]} Bd6
{[%clk 1:01:57]} 17. a5 {[%clk 0:41:22]} Bxg3 {[%clk 1:00:48]} 18. fxg3
{[%clk 0:40:01]} Kb8 {[%clk 0:39:32]} 19. axb6 {[%clk 0:38:47]} cxb6
{[%clk 0:38:56]} 20. Qe5+ {[%clk 0:36:18]} Kc8 {[%clk 0:36:31]} 21. Rxa7
{[%clk 0:35:11]} Rd5 {[%clk 0:31:40]} 22. Qe2 {[%clk 0:32:40]} Ra5
{[%clk 0:27:26]} 23. Rxa5 {[%clk 0:30:17]} bxa5 {[%clk 0:27:49]} 24. Ra1
{[%clk 0:29:46]} Qd8 {[%clk 0:25:48]} 25. Ba6 {[%clk 0:27:40]} Qb6
{[%clk 0:25:34]} 26. Bxb7+ {[%clk 0:25:03]} Kxb7 {[%clk 0:25:46]} 27. Ne5
{[%clk 0:24:42]} h4 {[%clk 0:22:01]} 28. Nc4 {[%clk 0:21:26]} Qc7
{[%clk 0:15:27]} 29. Nxa5+ {[%clk 0:19:58]} Kc8 {[%clk 0:13:42]} 30. Qa6+
{[%clk 0:17:34]} Kd7 {[%clk 0:13:36]} 31. Qb5+ {[%clk 0:17:32]} Kc8
{[%clk 0:11:58]} 32. Nc6 {[%clk 0:13:47]} Rh5 {[%clk 0:08:37]} 33. Ra8+
{[%clk 0:11:10]} Kd7 {[%clk 0:09:00]} 34. Ne5+ {[%clk 0:11:18]} Ke7
{[%clk 0:08:29]} 35. Qb4+ {[%clk 0:10:37]} Qd6 {[%clk 0:08:17]} 36. Ra7+ 1-0

[Event "5th European Small Nations"]
[Site "Andorra la Vella"]
[Date "2017.11.12"]
[Round "1.7"]
[White "Wojciechowski, Paul"]
[Black "Strade, Arita"]
[Result "1-0"]
[BlackElo "1864"]
[WhiteElo "1912"]
[LiveChessVersion "1.4.8"]

1. e4 {[%clk 1:30:55]} c5 {[%clk 1:30:41]} 2. Nf3 {[%clk 1:31:20]} Nc6
{[%clk 1:30:44]} 3. d4 {[%clk 1:31:34]} cxd4 {[%clk 1:31:08]} 4. Nxd4
{[%clk 1:31:59]} Nf6 {[%clk 1:31:17]} 5. Nc3 {[%clk 1:32:22]} e6 {[%clk 1:31:06]}
6. Ndb5 {[%clk 1:27:53]} d6 {[%clk 1:27:39]} 7. Bf4 {[%clk 1:27:38]} e5
{[%clk 1:27:27]} 8. Bg5 {[%clk 1:28:03]} a6 {[%clk 1:27:28]} 9. Na3
{[%clk 1:28:25]} b5 {[%clk 1:27:46]} 10. Nd5 {[%clk 1:28:49]} h6 {[%clk 1:23:14]}
11. Bxf6 {[%clk 1:19:47]} gxf6 {[%clk 1:23:20]} 12. Bd3 {[%clk 1:19:41]} Be6
{[%clk 1:18:48]} 13. Qf3 {[%clk 1:08:00]} Bg7 {[%clk 1:18:28]} 14. c3
{[%clk 1:07:58]} Rc8 {[%clk 1:17:03]} 15. Nc2 {[%clk 1:07:03]} f5
{[%clk 1:09:21]} 16. exf5 {[%clk 1:05:51]} Bxd5 {[%clk 1:08:54]} 17. Qxd5
{[%clk 1:06:14]} O-O {[%clk 1:06:34]} 18. Ne3 {[%clk 1:02:50]} Re8
{[%clk 0:58:43]} 19. Qe4 {[%clk 0:56:42]} Na5 {[%clk 0:41:04]} 20. O-O
{[%clk 0:51:47]} Nc4 {[%clk 0:35:38]} 21. Bxc4 {[%clk 0:44:59]} bxc4
{[%clk 0:35:27]} 22. Rfd1 {[%clk 0:45:09]} Qc7 {[%clk 0:27:34]} 23. Rd2
{[%clk 0:41:30]} Kh8 {[%clk 0:25:11]} 24. Rad1 {[%clk 0:40:19]} Bf8
{[%clk 0:20:34]} 25. Qh4 {[%clk 0:35:17]} Red8 {[%clk 0:13:39]} 26. f6
{[%clk 0:33:15]} Qc6 {[%clk 0:12:11]} 27. Nf5 {[%clk 0:32:47]} Kh7
{[%clk 0:11:40]} 28. Rxd6 {[%clk 0:32:41]} Rxd6 {[%clk 0:09:57]} 29. Rxd6
{[%clk 0:33:04]} Qa4 {[%clk 0:09:44]} 30. Qg4 {[%clk 0:28:41]} Qxa2
{[%clk 0:07:47]} 31. Ne7 {[%clk 0:26:25]} Qb1+ {[%clk 0:01:06]} 32. Rd1
{[%clk 0:26:46]} Qxd1+ {[%clk 0:00:50]} 33. Qxd1 {[%clk 0:27:08]} Rb8
{[%clk 0:00:43]} 34. Qg4 {[%clk 0:27:11]} Bxe7 {[%clk 0:00:47]} 35. Qg7# 1-0

[Event "5th European Small Nations"]
[Site "Andorra la Vella"]
[Date "2017.11.12"]
[Round "1.8"]
[White "Brookfield, Toby"]
[Black "Mooney, Graham"]
[Result "1-0"]
[BlackElo "1864"]
[WhiteElo "1864"]
[LiveChessVersion "1.4.8"]

1. e4 {[%clk 1:30:53]} c5 {[%clk 1:30:33]} 2. Nf3 {[%clk 1:31:12]} Nc6
{[%clk 1:30:34]} 3. d4 {[%clk 1:31:28]} cxd4 {[%clk 1:30:48]} 4. Nxd4
{[%clk 1:31:51]} Nf6 {[%clk 1:31:08]} 5. Nc3 {[%clk 1:32:03]} g6 {[%clk 1:31:04]}
6. Be3 {[%clk 1:31:57]} Bg7 {[%clk 1:31:02]} 7. Bc4 {[%clk 1:31:42]} O-O
{[%clk 1:30:48]} 8. Bb3 {[%clk 1:32:00]} d6 {[%clk 1:26:56]} 9. f3
{[%clk 1:32:06]} Bd7 {[%clk 1:22:18]} 10. Qd2 {[%clk 1:32:03]} Rc8
{[%clk 1:17:21]} 11. O-O-O {[%clk 1:32:22]} Ne5 {[%clk 1:17:11]} 12. Kb1
{[%clk 1:32:07]} Nc4 {[%clk 1:17:03]} 13. Bxc4 {[%clk 1:32:30]} Rxc4
{[%clk 1:17:30]} 14. g4 {[%clk 1:32:47]} a6 {[%clk 1:09:12]} 15. h4
{[%clk 1:32:15]} h5 {[%clk 1:06:42]} 16. Nd5 {[%clk 1:25:17]} Nxd5
{[%clk 1:01:52]} 17. exd5 {[%clk 1:24:34]} hxg4 {[%clk 1:01:55]} 18. h5
{[%clk 1:22:10]} gxf3 {[%clk 0:55:37]} 19. hxg6 {[%clk 1:05:49]} fxg6
{[%clk 0:54:10]} 20. Qd3 {[%clk 1:04:38]} Rxd4 {[%clk 0:54:02]} 21. Bxd4
{[%clk 1:03:49]} Bf5 {[%clk 0:54:17]} 22. Qc3 {[%clk 0:54:40]} Bf6
{[%clk 0:52:43]} 23. Qe3 {[%clk 0:48:10]} Bxd4 {[%clk 0:44:50]} 24. Rxd4
{[%clk 0:41:08]} Qc8 {[%clk 0:38:52]} 25. Qxe7 {[%clk 0:34:52]} Rf7
{[%clk 0:38:33]} 26. Qh4 {[%clk 0:34:11]} Rg7 {[%clk 0:28:35]} 27. Re4
{[%clk 0:29:29]} g5 {[%clk 0:25:47]} 28. Qh8+ {[%clk 0:29:00]} Kf7
{[%clk 0:21:22]} 29. Re7+ 1-0

[Event "5th European Small Nations"]
[Site "Andorra la Vella"]
[Date "2017.11.12"]
[Round "1.2"]
[White "Rossini, Paul"]
[Black "Berezovsky, Igor"]
[Result "0-1"]
[BlackElo "2378"]
[WhiteElo "1683"]
[LiveChessVersion "1.4.8"]

1. e4 {[%clk 1:30:56]} e6 {[%clk 1:30:46]} 2. d4 {[%clk 1:30:29]} c5
{[%clk 1:30:47]} 3. Nf3 {[%clk 1:30:20]} cxd4 {[%clk 1:31:06]} 4. Nxd4
{[%clk 1:30:24]} Nf6 {[%clk 1:31:27]} 5. Bd3 {[%clk 1:30:08]} Nc6
{[%clk 1:30:50]} 6. Nxc6 {[%clk 1:30:01]} dxc6 {[%clk 1:30:24]} 7. a3
{[%clk 1:30:07]} e5 {[%clk 1:30:26]} 8. O-O {[%clk 1:30:01]} Bc5 {[%clk 1:30:24]}
9. h3 {[%clk 1:29:48]} Qe7 {[%clk 1:23:56]} 10. Be3 {[%clk 1:26:51]} Bxe3
{[%clk 1:23:22]} 11. fxe3 {[%clk 1:27:12]} h5 {[%clk 1:20:17]} 12. Nd2
{[%clk 1:24:14]} h4 {[%clk 1:19:34]} 13. Be2 {[%clk 1:20:17]} Be6
{[%clk 1:15:18]} 14. Bf3 {[%clk 1:14:47]} Qc5 {[%clk 1:12:04]} 15. Re1
{[%clk 1:12:49]} O-O-O {[%clk 1:11:25]} 16. b3 {[%clk 1:11:25]} Qc3
{[%clk 1:09:41]} 17. Re2 {[%clk 1:11:33]} Nh7 {[%clk 1:04:17]} 18. Qe1
{[%clk 1:09:47]} Ng5 {[%clk 1:04:04]} 19. Bg4 {[%clk 1:04:44]} Bxg4
{[%clk 1:03:56]} 20. hxg4 {[%clk 1:05:09]} h3 {[%clk 1:03:44]} 21. Nf3
{[%clk 1:03:39]} Nxe4 {[%clk 1:00:29]} 22. Qxc3 {[%clk 1:03:04]} Nxc3
{[%clk 1:00:33]} 23. Rd2 {[%clk 0:59:44]} h2+ {[%clk 1:00:30]} 24. Kh1
{[%clk 0:59:50]} e4 {[%clk 0:48:21]} 25. Rxd8+ {[%clk 0:57:13]} Rxd8
{[%clk 0:47:24]} 26. Ng5 {[%clk 0:51:39]} f6 {[%clk 0:40:39]} 27. Ne6
{[%clk 0:48:10]} Rd1+ {[%clk 0:40:55]} 28. Rxd1 {[%clk 0:48:29]} Nxd1
{[%clk 0:41:21]} 29. Nxg7 {[%clk 0:47:41]} Nxe3 {[%clk 0:40:11]} 30. Kxh2
{[%clk 0:47:18]} Kd7 {[%clk 0:39:20]} 31. Kg3 {[%clk 0:45:31]} Nxc2
{[%clk 0:39:05]} 32. a4 {[%clk 0:45:44]} a5 {[%clk 0:32:57]} 33. Nh5
{[%clk 0:43:29]} Ke6 {[%clk 0:31:26]} 34. Nf4+ {[%clk 0:43:37]} Ke5
{[%clk 0:31:30]} 35. Ne2 {[%clk 0:42:22]} Nd4 {[%clk 0:31:23]} 36. Nxd4
{[%clk 0:42:23]} Kxd4 {[%clk 0:31:51]} 37. Kf4 {[%clk 0:42:47]} e3
{[%clk 0:32:04]} 38. Kf3 {[%clk 0:42:32]} Kd3 {[%clk 0:32:26]} 0-1

[Event "5th European Small Nations"]
[Site "Andorra la Vella"]
[Date "2017.11.12"]
[Round "1.3"]
[White "Villegas, Pierre"]
[Black "Righi, Ezio"]
[Result "1-0"]
[BlackElo "2039"]
[WhiteElo "2309"]
[LiveChessVersion "1.4.8"]

1. d4 {[%clk 1:30:54]} c5 {[%clk 1:30:42]} 2. d5 {[%clk 1:30:58]} g6
{[%clk 1:30:54]} 3. e4 {[%clk 1:30:57]} Bg7 {[%clk 1:31:10]} 4. Nc3
{[%clk 1:31:20]} d6 {[%clk 1:31:11]} 5. Bb5+ {[%clk 1:31:27]} Bd7
{[%clk 1:31:11]} 6. a4 {[%clk 1:31:39]} Bxb5 {[%clk 1:31:03]} 7. axb5
{[%clk 1:31:52]} Nd7 {[%clk 1:31:13]} 8. Nge2 {[%clk 1:31:25]} Ngf6
{[%clk 1:26:57]} 9. O-O {[%clk 1:30:20]} O-O {[%clk 1:26:48]} 10. Bg5
{[%clk 1:12:09]} a6 {[%clk 1:24:41]} 11. bxa6 {[%clk 1:11:22]} Rxa6
{[%clk 1:24:46]} 12. Rxa6 {[%clk 1:10:27]} bxa6 {[%clk 1:25:10]} 13. Qa1
{[%clk 1:06:26]} Qb6 {[%clk 1:24:33]} 14. Qa2 {[%clk 0:52:05]} h6
{[%clk 1:19:49]} 15. Bd2 {[%clk 0:48:52]} g5 {[%clk 1:14:43]} 16. Ng3
{[%clk 0:45:42]} Rb8 {[%clk 1:09:15]} 17. Nd1 {[%clk 0:40:32]} Ng4
{[%clk 0:59:10]} 18. Nf5 {[%clk 0:38:20]} Kf8 {[%clk 0:51:02]} 19. h3
{[%clk 0:33:23]} Ngf6 {[%clk 0:49:15]} 20. Bc3 {[%clk 0:33:18]} Ne5
{[%clk 0:48:47]} 21. f3 {[%clk 0:32:09]} Rb7 {[%clk 0:44:35]} 22. Kh2
{[%clk 0:30:57]} Nh5 {[%clk 0:44:18]} 23. Nde3 {[%clk 0:29:20]} Nf4
{[%clk 0:41:33]} 24. Rf2 {[%clk 0:29:04]} Nfg6 {[%clk 0:38:41]} 25. Nxg7
{[%clk 0:22:50]} Kxg7 {[%clk 0:39:03]} 26. g3 {[%clk 0:23:01]} c4
{[%clk 0:28:51]} 27. Bd4 {[%clk 0:23:00]} Qb4 {[%clk 0:26:39]} 28. c3
{[%clk 0:21:14]} 1-0